Loading...
| Current Events | 2 | 20.00 | 100% | 50% | 50% |
| Fine Arts - Classical Music | 5 | 10.00 | 100% | 0% | 0% |
| Fine Arts - Other | 7 | 14.29 | 100% | 43% | 0% |
| Fine Arts - Painting and Sculpture | 7 | 15.71 | 100% | 57% | 0% |
| History - American | 3 | 20.00 | 100% | 100% | 0% |
| History - European | 7 | 17.14 | 100% | 71% | 0% |
| History - Other | 3 | 16.67 | 100% | 67% | 0% |
| History - World | 4 | 10.00 | 75% | 25% | 0% |
| Literature - American | 3 | 20.00 | 100% | 100% | 0% |
| Literature - British | 3 | 10.00 | 100% | 0% | 0% |
| Literature - European | 8 | 13.75 | 100% | 38% | 0% |
| Literature - World | 4 | 15.00 | 100% | 50% | 0% |
| Mythology | 7 | 20.00 | 100% | 57% | 43% |
| Other Academic | 1 | 30.00 | 100% | 100% | 100% |
| Philosophy | 4 | 17.50 | 100% | 75% | 0% |
| Pop Culture | 1 | 20.00 | 100% | 100% | 0% |
| Religion | 7 | 15.71 | 100% | 14% | 43% |
| Science - Biology | 5 | 10.00 | 80% | 20% | 0% |
| Science - Chemistry | 6 | 16.67 | 100% | 67% | 0% |
| Science - Other | 2 | 15.00 | 100% | 50% | 0% |
| Science - Physics | 4 | 10.00 | 75% | 25% | 0% |
| Social Science | 5 | 14.00 | 100% | 40% | 0% |